Cinco poemas para mañana : (Record no. 1330)

000 -CABECERA
fixed length control field 00620nam a22001937a 4500
003 - IDENTIFICADOR DEL NÚMERO DE CONTROL
control field AR-CdUCM
008 - DATOS DE LONGITUD FIJA--INFORMACIÓN GENERAL
fixed length control field 190226b ||||| |||| 00| 0 spa d
040 ## - FUENTE DE LA CATALOGACIÓN
Agencia/entidad que catalogó originalmente la obra MUNICIPALIDAD PROVINCIAL DEL CUSCO
Entidad que transcribió la catalogación BIBLIOTECA MUNICIPAL DEL CUSCO
082 ## - NÚMERO DE LA CLASIFICACIÓN DECIMAL DEWEY
No. de Clasificación 869.56 /
Notacion interna B41
100 ## - ENTRADA PRINCIPAL--NOMBRE DE PERSONA
Nombre Personal Benavente, Vicente
245 ## - MENCIÓN DE TÍTULO
Título Cinco poemas para mañana :
Resto del título mensaje cholo /
260 ## - PUBLICACIÓN, DISTRIBUCIÓN, ETC.
Lugar de publicación, distribución, etc. Juliaca :
Nombre de la editorial, distribuidor, etc. Ediciones Cielo y Tierra,
Fecha de publicación, distribución, etc. 1965.
300 ## - DESCRIPCIÓN FÍSICA
Nº de Páginas Extensión 41 páginas ;
Otros detalles físicos retrato,
Dimensiones 22 cm.
650 ## - PUNTO DE ACCESO ADICIONAL DE MATERIA--TÉRMINO DE MATERIA
Descriptor Poesías peruanas
9 (RLIN) 1481
650 ## - PUNTO DE ACCESO ADICIONAL DE MATERIA--TÉRMINO DE MATERIA
Descriptor Poesías siglo XX
9 (RLIN) 3861
650 ## - PUNTO DE ACCESO ADICIONAL DE MATERIA--TÉRMINO DE MATERIA
Descriptor Literatura peruana
9 (RLIN) 169
942 ## - ELEMENTOS DE PUNTO DE ACCESO ADICIONAL (KOHA)
Fuente de clasificación
Tipo de item Libros-BMC
945 ## - PROCESAMIENTO DE INFORMACIÓN LOCAL (OCLC)
Catalogador zta
Holdings
Estado de retiro (separado) Fuente de clasificación o esquema de estanterías Estado dañado Ubicación Sala donde se ubica Nombre de la colección Fecha de adquisición o compra Costo, precio normal en soles Signatura topográfica Código de Barras Última vez visto (Koha) Tipo de ítem (Koha)
No     Sala Humanidades Sala Humanidades Book Cart 2019-02-26 13.00 869.56 / B41C SH0000001535 2019-02-26 Libros-BMC
No     Sala Humanidades Sala Humanidades Book Cart 2019-03-13 5.00 869.56 / B41C / e.2 SH0000006763 2019-03-13 Libros-BMC

Powered by Koha